000
00389nam a2200133Ia 4500
008
100328s9999 xx 000 0 und d
082
_b
3960
100
_a
वरेरकर भार्गवराम विठ्ठल
245
_a
लढाईनंतर
260
_b
अभिनव
630
_a
लढाईनंतर
730
_a
लढाईनंतर
942
_c
BOOK
999
_c
500064
_d
500061